00666nam a2200181Ia 4500001001000000003000500010008004100015010001100056040000900067100004800076245012900124260003400253300001900287502008400306650002300390650002100413710005000434Para_9034CHAP220125s2005 xx 000 0 und d a207812 cCHAP aVilla Briones, Azucena Ma. de los Ángeles aEfecto de la vermicomposta en el impacto de Nacobbus aberrans en jitomate /c por Azucena Ma. de los Ángeles Villa Briones aChapingo, Méx. :b el autor a57 h. + anexos aTesis (M.C. Protección Vegetal) UACh. Departamento Parasitología Agrícola aNacobbus aberrans  aTomate x plagas aUACh. Departamento Parasitología Agrícola